[Event "Østlandsserien 2001/2002, 1. div"]
[Site "Follo, Akershus NOR"]
[Date "2001.12.02"]
[Round "3"]
[White "Kristiansen, Erling"]
[Black "Lea, Per"]
[Result "1-0"]
[WhiteElo "2135"]
[BlackElo "1693"]
[PlyCount "101"]
[EventDate "2001.11.10"]
[WhiteTeam "OSS"]
[BlackTeam "Follo"]

1. e4 e5 2. Nf3 Nc6 3. Bc4 Nf6 4. Ng5 d5 5. exd5 Na5 6. d3 Nxc4 7. dxc4 Bc5 8.
Nc3 O-O 9. Nge4 Nxe4 10. Nxe4 Be7 11. O-O f5 12. Nc3 b6 13. f4 e4 14. Be3 Bf6
15. Qd2 Qe7 16. b3 Bd7 17. Rad1 Rad8 18. a4 Be8 19. Bd4 c5 20. Bxf6 Rxf6 21.
Qe3 Rfd6 22. Rd2 a5 23. Qh3 Qf6 24. Nd1 Bd7 25. Qc3 Qxc3 26. Nxc3 g6 27. Nd1
Kf7 28. Ne3 Rg8 29. h3 h5 30. g3 Kf6 31. Rg2 Rg7 32. Kf2 g5 33. Ke2 g4 34. hxg4
hxg4 35. Rh2 Kf7 36. Rfh1 Rg8 37. Rh5 Rf6 38. Ng2 Rg7 39. Ke3 Rg8 40. Rg5 Rg7
41. Rh8 Rfg6 42. Rxg6 Rxg6 43. Nh4 Rf6 44. Rh7+ Ke8 45. Rg7 Kd8 46. Ng6 Kc8 47.
Ne5 Rd6 48. Rf7 Kd8 49. Nxd7 Rxd7 50. Rxf5 Rh7 51. Rg5 1-0

[Event "Østlandsserien 2001/2002, 1. div"]
[Site "Follo, Akershus NOR"]
[Date "2001.12.02"]
[Round "3"]
[White "Sondresen, Per"]
[Black "Guddahl, Viggo"]
[Result "0-1"]
[WhiteElo "1687"]
[BlackElo "1945"]
[PlyCount "60"]
[EventDate "2001.11.10"]
[WhiteTeam "Follo"]
[BlackTeam "OSS"]

1. e4 c5 2. Nf3 Nc6 3. Bc4 e6 4. d4 cxd4 5. Nxd4 Nf6 6. Nxc6 bxc6 7. Qe2 d5 8.
exd5 cxd5 9. Bb5+ Bd7 10. O-O Bd6 11. Bd3 Qc7 12. f4 O-O 13. Nc3 Rab8 14. Rb1
Rb4 15. a3 Rb7 16. Bd2 Rfb8 17. b4 Be8 18. Kh1 a5 19. bxa5 Rxb1 20. Nxb1 d4 21.
c3 Qxa5 22. cxd4 Qa7 23. Qf2 g6 24. h3 Bc6 25. Re1 Rb3 26. Rc1 Rxd3 27. Rxc6
Qb7 28. Rc1 Ne4 29. Qe1 Rxh3+ 30. gxh3 Nxd2+ 0-1

[Event "Østlandsserien 2001/2002, 1. div"]
[Site "Follo, Akershus NOR"]
[Date "2002.01.19"]
[Round "4"]
[White "Djurhuus, Rune"]
[Black "Solem, Trond"]
[Result "1-0"]
[WhiteElo "2464"]
[BlackElo "2167"]
[PlyCount "95"]
[EventDate "2001.11.10"]
[WhiteTeam "Akademisk"]
[BlackTeam "Follo"]

1. e4 c6 2. d4 d5 3. e5 Bf5 4. Ne2 e6 5. Ng3 Bg6 6. h4 h6 7. h5 Bh7 8. c4 Ne7
9. Nc3 dxc4 10. Bxc4 Nd7 11. Nge4 Nf5 12. g4 Nb6 13. gxf5 Nxc4 14. f6 Bxe4 15.
Nxe4 Qd5 16. Rh4 O-O-O 17. fxg7 Bxg7 18. Nc3 Qa5 19. Qb3 Qa6 20. Qa4 Qxa4 21.
Nxa4 f5 22. Ke2 Bf8 23. b3 Na3 24. Bb2 Nc2 25. Rd1 Be7 26. Rhh1 Rhg8 27. Nc5
Bxc5 28. dxc5 Rg4 29. Rxd8+ Kxd8 30. Rd1+ Ke7 31. a3 Re4+ 32. Kf1 f4 33. Rd2
Ne1 34. Re2 Nf3 35. Rxe4 Nd2+ 36. Ke2 Nxe4 37. b4 a5 38. Kf3 Nd2+ 39. Kxf4 axb4
40. axb4 Kf7 41. Bc1 Nc4 42. Ke4 Kg7 43. Kd4 b5 44. cxb6 Nxb6 45. Kc5 Nd5 46.
Bd2 Ne7 47. Kd6 Kf7 48. Kd7 1-0

[Event "Østlandsserien 2001/2002, 1. div"]
[Site "Follo, Akershus NOR"]
[Date "2002.01.19"]
[Round "4"]
[White "Ådnøy, Hallvard"]
[Black "Gudbrandsen, Gustav"]
[Result "0-1"]
[WhiteElo "2116"]
[BlackElo "2274"]
[PlyCount "74"]
[EventDate "2001.11.10"]
[WhiteTeam "Follo"]
[BlackTeam "Akademisk"]

1. e4 e6 2. Qe2 Nf6 3. g3 c5 4. Bg2 d5 5. exd5 Nxd5 6. Nc3 Nb4 7. d3 N8c6 8.
Nf3 Nd4 9. Nxd4 cxd4 10. Nb1 Be7 11. O-O O-O 12. a3 Nd5 13. c4 dxc3 14. bxc3
Bf6 15. Bb2 Bd7 16. c4 Nb6 17. Nc3 Bc6 18. a4 Bxg2 19. Kxg2 Qd7 20. a5 Qc6+ 21.
Kg1 Nd7 22. Rfd1 Rfd8 23. d4 Rac8 24. c5 e5 25. d5 Qxc5 26. Ne4 Qc4 27. Qg4 h5
28. Qf3 Be7 29. Rab1 Nf6 30. Nxf6+ Bxf6 31. Qxh5 Qe4 32. Re1 Qxd5 33. Ra1 Rc2
34. Re2 Rdc8 35. Rae1 Qxa5 36. Qg4 R8c4 37. Qf5 Rxb2 0-1

[Event "Østlandsserien 2001/2002, 1. div"]
[Site "Follo, Akershus NOR"]
[Date "2002.01.19"]
[Round "4"]
[White "Hole, Øystein"]
[Black "Kirkebø, Carl Peter"]
[Result "1-0"]
[WhiteElo "2186"]
[BlackElo "1992"]
[PlyCount "83"]
[EventDate "2001.11.10"]
[WhiteTeam "Akademisk"]
[BlackTeam "Follo"]

1. Nf3 c5 2. g3 Nc6 3. Bg2 g6 4. O-O Bg7 5. e4 Nf6 6. d3 O-O 7. Nbd2 d6 8. c3
e5 9. a4 h6 10. Nc4 Be6 11. Re1 Nxe4 12. Ncxe5 dxe5 13. dxe4 Qb6 14. Qe2 Na5
15. Be3 Bc4 16. Qc2 Bb3 17. Qc1 Kh7 18. Nd2 Qc6 19. c4 Rfd8 20. Qc3 Rxd2 21.
Bxd2 b6 22. Qf3 Bxc4 23. Bxa5 bxa5 24. Qc3 Be6 25. Qxa5 Rb8 26. Rec1 c4 27.
Qxa7 Rxb2 28. Qe3 Bf8 29. Qc3 Qb6 30. Rc2 Rb3 31. Qe1 Bb4 32. Qc1 Bc5 33. a5
Qa7 34. Bf1 c3 35. a6 Bd4 36. Rb1 Qb8 37. Rxb3 Qxb3 38. Bd3 Bc8 39. Qa1 Bh3 40.
Qa2 Be6 41. Qxb3 Bxb3 42. Rxc3 1-0

[Event "Østlandsserien 2001/2002, 1. div"]
[Site "Follo, Akershus NOR"]
[Date "2002.01.19"]
[Round "4"]
[White "Gaasland, Glenn"]
[Black "Sæther, Øystein"]
[Result "0-1"]
[WhiteElo "1966"]
[BlackElo "2064"]
[PlyCount "114"]
[EventDate "2001.11.10"]
[WhiteTeam "Follo"]
[BlackTeam "Akademisk"]

1. e4 e6 2. d4 d5 3. Nd2 c5 4. exd5 Qxd5 5. Ngf3 cxd4 6. Bc4 Qd6 7. Qe2 Nf6 8.
Nb3 Nc6 9. Bg5 Be7 10. O-O-O O-O 11. Bh4 e5 12. Bg3 Bg4 13. Rhe1 Rac8 14. Bb5
Bxf3 15. gxf3 Nd7 16. f4 exf4 17. Bxc6 Bg5 18. Qg4 fxg3+ 19. Qxg5 gxf2 20. Rf1
Qxc6 21. Rxf2 Qg6 22. Qd5 Nf6 23. Qxb7 d3 24. c3 Ne4 25. Rf3 d2+ 26. Nxd2 Nc5
27. Qb5 Rfd8 28. Rg3 Nd3+ 29. Kb1 Rb8 30. Qxb8 Rxb8 31. Rxg6 hxg6 32. Nc4 Nc5
33. Rd5 Ne4 34. Kc2 Nf6 35. Ra5 Rb7 36. Ne5 Rc7 37. c4 g5 38. c5 Ne4 39. b4 f5
40. Kd3 Nf6 41. c6 g4 42. Rb5 Kf8 43. Rb7 Ne8 44. Kd4 Ke7 45. Kc5 Kd8 46. b5
Rxb7 47. cxb7 Kc7 48. b8=Q+ Kxb8 49. Kc6 Nf6 50. Ng6 Ne4 51. a4 Nd2 52. Ne5 Nb3
53. Kd5 Kc7 54. Ke6 Nd4+ 55. Kd5 Nf3 56. Nc4 Nxh2 57. Ne3 f4 0-1

[Event "Østlandsserien 2001/2002, 1. div"]
[Site "Follo, Akershus NOR"]
[Date "2002.01.19"]
[Round "4"]
[White "Nedberg, Benjamin"]
[Black "Næssvold, Kjell"]
[Result "1-0"]
[WhiteElo "1860"]
[BlackElo "1882"]
[PlyCount "113"]
[EventDate "2001.11.10"]
[WhiteTeam "Akademisk"]
[BlackTeam "Follo"]

1. d4 Nf6 2. c4 e6 3. Nc3 d5 4. cxd5 exd5 5. Bg5 Be7 6. Qc2 O-O 7. e3 Nbd7 8.
Bd3 a6 9. Nf3 Re8 10. O-O Nf8 11. h3 c6 12. Bxf6 Bxf6 13. Na4 Qd6 14. Rfc1 Bd8
15. Rab1 Ng6 16. b4 Re6 17. Qc5 Rf6 18. Qxd6 Rxd6 19. Nc5 Nh4 20. Nxh4 Bxh4 21.
a4 g6 22. b5 axb5 23. axb5 Be7 24. Ra1 Rxa1 25. Rxa1 cxb5 26. Ra8 Rd8 27. Bxb5
Kf8 28. Ra7 Bxc5 29. dxc5 Kg7 30. Ra8 Rf8 31. Rb8 h5 32. Kf1 Kf6 33. Bd7 Bxd7
34. Rxf8 Ke7 35. Rb8 Bc6 36. Ke2 Ke6 37. Kd3 Kf5 38. Kd4 f6 39. Rd8 g5 40. Rh8
h4 41. Rh7 Ke6 42. Rg7 Kf5 43. f3 Ke6 44. Kc3 Kf5 45. Re7 Kg6 46. Kb4 Kf5 47.
Ka5 d4 48. exd4 Kf4 49. Kb4 Kg3 50. Re2 Bd5 51. Kb5 f5 52. Re5 Bc6+ 53. Kc4 Bd7
54. Re2 f4 55. d5 Bxh3 56. gxh3 Kxf3 57. Rc2 1-0

[Event "Østlandsserien 2001/2002, 1. div"]
[Site "Oslo NOR"]
[Date "2002.01.20"]
[Round "5"]
[White "Byklum, Bjørnar"]
[Black "Ådnøy, Hallvard"]
[Result "1/2-1/2"]
[WhiteElo "2148"]
[BlackElo "2116"]
[PlyCount "60"]
[EventDate "2001.11.10"]
[WhiteTeam "SOSS"]
[BlackTeam "Follo"]

1. e4 e5 2. Nf3 d6 3. d4 Nd7 4. Bc4 c6 5. Nc3 Be7 6. O-O Ngf6 7. a4 O-O 8. a5
Nxe4 9. Nxe4 d5 10. Bb3 dxe4 11. Nxe5 Nxe5 12. dxe5 Qxd1 13. Rxd1 Bc5 14. c3
Be6 15. Bc2 f5 16. exf6 Rxf6 17. Be3 Bxe3 18. fxe3 Re8 19. Rd4 Bf5 20. Rad1 Kf7
21. b4 Kg6 22. Rf1 Kf7 23. Bb3+ Be6 24. c4 Rxf1+ 25. Kxf1 c5 26. Rxe4 cxb4 27.
Rf4+ Ke7 28. Re4 Kf7 29. Rf4+ Ke7 30. Re4 Kf7 1/2-1/2

[Event "Østlandsserien 2001/2002, 1. div"]
[Site "Oslo NOR"]
[Date "2002.01.20"]
[Round "5"]
[White "Andreassen, Pål"]
[Black "Kirkebø, Carl Peter"]
[Result "1/2-1/2"]
[WhiteElo "1898"]
[BlackElo "1992"]
[PlyCount "66"]
[EventDate "2001.11.10"]
[WhiteTeam "SOSS"]
[BlackTeam "Follo"]

1. e4 c5 2. c4 Nc6 3. Ne2 Nf6 4. Nbc3 e6 5. d4 cxd4 6. Nxd4 Bb4 7. Nxc6 bxc6 8.
Qc2 d5 9. cxd5 exd5 10. exd5 O-O 11. Be2 cxd5 12. O-O Be6 13. Rd1 Qc7 14. Be3
Rfc8 15. Bf3 Bxc3 16. bxc3 Qxc3 17. Qxc3 Rxc3 18. Bd4 Rc2 19. Bxf6 gxf6 20.
Bxd5 Bxd5 21. Rxd5 Re8 22. Rf5 Rxa2 23. Rc1 Kg7 24. g3 Re5 25. Rc5 Rxf5 26.
Rxf5 a5 27. g4 Ra4 28. h3 Ra1+ 29. Kg2 a4 30. Ra5 a3 31. Kf3 a2 32. Kf4 Rh1 33.
Rxa2 Rxh3 1/2-1/2

[Event "Østlandsserien 2001/2002, 1. div"]
[Site "Oslo NOR"]
[Date "2002.01.20"]
[Round "5"]
[White "Gaasland, Glenn"]
[Black "Førland, Tor Egil"]
[Result "1-0"]
[WhiteElo "1966"]
[BlackElo "1822"]
[PlyCount "55"]
[EventDate "2001.11.10"]
[WhiteTeam "Follo"]
[BlackTeam "SOSS"]

1. e4 d6 2. d4 Nf6 3. Nc3 g6 4. Nf3 Bg7 5. Bc4 O-O 6. Qe2 c6 7. a4 d5 8. exd5
Nxd5 9. O-O Nxc3 10. bxc3 e6 11. Ng5 Na6 12. Ne4 Qd7 13. Bxa6 bxa6 14. Bh6 Qd8
15. Bxg7 Kxg7 16. a5 Rb8 17. Nc5 Rb5 18. Nb3 Qh4 19. g3 Qh5 20. Qxh5 Rxh5 21.
f4 g5 22. Nc5 gxf4 23. gxf4 Kf6 24. Rab1 Rg8+ 25. Kh1 Rh6 26. Rb8 Rhg6 27. Ra8
Rg2 28. Rxc8 1-0

[Event "Østlandsserien 2001/2002, 1. div"]
[Site "Oslo NOR"]
[Date "2002.01.20"]
[Round "5"]
[White "Zachariassen, Bjarne"]
[Black "Næssvold, Kjell"]
[Result "1-0"]
[WhiteElo "1751"]
[BlackElo "1882"]
[PlyCount "107"]
[EventDate "2001.11.10"]
[WhiteTeam "SOSS"]
[BlackTeam "Follo"]

1. e4 c5 2. c3 e6 3. d4 cxd4 4. cxd4 d5 5. exd5 exd5 6. Nf3 Nf6 7. Bb5+ Bd7 8.
Bxd7+ Nbxd7 9. O-O Be7 10. Qb3 Nb6 11. Nc3 O-O 12. Bg5 Qd6 13. Nb5 Qb4 14. Qxb4
Bxb4 15. Bxf6 gxf6 16. a3 Be7 17. Rfe1 Bd8 18. Rac1 Nc4 19. b3 a6 20. bxc4 axb5
21. cxd5 Rxa3 22. h4 h5 23. Rb1 b4 24. Re2 Ra5 25. Rxb4 b6 26. Reb2 Rxd5 27.
Rb5 Rxb5 28. Rxb5 Bc7 29. Rxh5 Ra8 30. Kf1 Ra1+ 31. Ke2 Bf4 32. Rf5 Ra2+ 33.
Kd3 Bc7 34. Nd2 Kg7 35. Ne4 Bd8 36. Nc3 Ra1 37. Rd5 Be7 38. Rb5 Bd8 39. g3 Kg6
40. Kc4 Rc1 41. Kd3 Ra1 42. d5 Bc7 43. h5+ Kg7 44. Rb1 Ra3 45. Kc4 Bd8 46. d6
Ra5 47. Rb5 Ra1 48. Kd5 f5 49. Kc6 Rc1 50. Kd7 Bf6 51. Nd5 Bd4 52. Ne3 f4 53.
Nf5+ Kf6 54. Nxd4 1-0

[Event "Østlandsserien 2001/2002, 1. div."]
[Site "?"]
[Date "2002.02.09"]
[Round "6"]
[White "Bae, Torstein"]
[Black "Solem, Trond"]
[Result "1-0"]
[WhiteElo "2346"]
[BlackElo "2167"]
[PlyCount "45"]
[EventDate "2002.??.??"]
[WhiteTeam "SK 1911 1"]
[BlackTeam "Follo 1"]

1. d4 d6 2. c4 Nd7 3. Nf3 e5 4. g3 Ngf6 5. Bg2 Be7 6. O-O O-O 7. b3 c6 8. Bb2
Qc7 9. Nc3 Re8 10. e4 exd4 11. Nxd4 Bf8 12. Qd2 a5 13. f4 Nc5 14. Rae1 a4 15.
b4 a3 16. bxc5 axb2 17. cxd6 Bxd6 18. e5 Bc5 19. exf6 Bf5 20. Kh1 Red8 21. Nd5
Qd7 22. Nxf5 Qxf5 23. Ne7+ 1-0

[Event "Østlandsserien 2001/2002, 1. div."]
[Site "?"]
[Date "2002.02.09"]
[Round "6"]
[White "Ådnøy, Hallvard Voll"]
[Black "David, Eldin"]
[Result "1-0"]
[WhiteElo "2116"]
[BlackElo "2031"]
[PlyCount "53"]
[EventDate "2002.??.??"]

1. e4 d5 2. exd5 Qxd5 3. Nc3 Qa5 4. d4 c6 5. Nf3 Nf6 6. Bc4 e6 7. Bd2 Qc7 8.
Qe2 Bd6 9. Ne5 a6 10. f4 Qe7 11. O-O-O b5 12. Bd3 c5 13. dxc5 Bxc5 14. Ne4 Nxe4
15. Bxe4 Ra7 16. Bc3 Bb7 17. Nd3 Bxe4 18. Nxc5 Bxc2 19. Qe5 Nc6 20. Qd6 Qc7 21.
Kxc2 b4 22. Be5 b3+ 23. axb3 Nxe5 24. fxe5 Qxd6 25. exd6 O-O 26. b4 a5 27. b5
1-0

[Event "Østlandsserien 2001/2002, 1. div."]
[Site "?"]
[Date "2002.02.09"]
[Round "6"]
[White "Svendsen, Per Gisle"]
[Black "Gaasland, Glenn"]
[Result "1-0"]
[WhiteElo "1847"]
[BlackElo "1966"]
[PlyCount "45"]
[EventDate "2002.??.??"]
[WhiteTeam "SK 1911 1"]
[BlackTeam "Follo 1"]

1. d4 Nf6 2. c4 e6 3. Nf3 b6 4. g3 Bb7 5. Bg2 c5 6. e3 d6 7. O-O Nbd7 8. Nc3
Rc8 9. d5 exd5 10. cxd5 Ba6 11. Re1 b5 12. e4 b4 13. e5 dxe5 14. Nxe5 Nxe5 15.
Rxe5+ Be7 16. d6 bxc3 17. Qa4+ Nd7 18. Rxe7+ Kf8 19. Qxa6 Nb6 20. Qxa7 Qxd6 21.
Rxf7+ Ke8 22. Bg5 Nd7 23. Rxd7 1-0

[Event "Østlandsserien 2001/2002, 1. div."]
[Site "?"]
[Date "2002.02.09"]
[Round "6"]
[White "Næssvold, Kjell"]
[Black "Furnes, Harald"]
[Result "0-1"]
[WhiteElo "1882"]
[BlackElo "1762"]
[PlyCount "132"]
[EventDate "2002.??.??"]
[WhiteTeam "Follo 1"]
[BlackTeam "SK 1911 1"]

1. e4 e6 2. d4 d5 3. Nc3 Nf6 4. e5 Nfd7 5. f4 f5 6. Nf3 Be7 7. Be3 c5 8. Qd2
Nc6 9. Be2 a6 10. a3 b5 11. O-O cxd4 12. Nxd4 Nxd4 13. Bxd4 Bc5 14. Rad1 Bxd4+
15. Qxd4 Qb6 16. Bf3 Qxd4+ 17. Rxd4 Nc5 18. a4 bxa4 19. Nxa4 Nxa4 20. Rxa4 Bd7
21. Ra5 Bb5 22. Rfa1 Rc8 23. c3 Kd7 24. Kf2 Rc6 25. Be2 Bxe2 26. Kxe2 Rb8 27.
R5a2 Rbb6 28. Kd3 Kc7 29. h3 Kb7 30. g4 g6 31. gxf5 gxf5 32. Rg1 Rc7 33. h4 h5
34. b4 Rbc6 35. Ra3 Rc4 36. Rg6 R7c6 37. Rh6 Rxf4 38. Rxh5 d4 39. Rh7+ Kb6 40.
b5 axb5 41. Rha7 Rxc3+ 42. Rxc3 dxc3 43. Re7 b4 44. Rxe6+ Kc5 45. h5 Kd5 46.
Re8 Rf3+ 47. Kc2 Rh3 48. Rb8 Rh2+ 49. Kb3 Rxh5 50. Rxb4 Rh3 51. Rb5+ Ke6 52.
Rc5 Re3 53. Kc2 f4 54. Rxc3 Rxe5 55. Kd2 Kf5 56. Rc8 Kg4 57. Rg8+ Kf3 58. Rf8
Kg3 59. Rg8+ Kf2 60. Rd8 f3 61. Rd7 Kf1 62. Rf7 f2 63. Rf8 Re2+ 64. Kd1 Re1+
65. Kd2 Kg2 66. Rg8+ Kh3 0-1

[Event "Østlandsserien 2001/2002, 1. div."]
[Site "?"]
[Date "2002.02.09"]
[Round "6"]
[White "Garberg, Tore"]
[Black "Høva, Frode"]
[Result "1-0"]
[WhiteElo "1819"]
[BlackElo "1474"]
[PlyCount "85"]
[EventDate "2002.??.??"]
[WhiteTeam "SK 1911 1"]
[BlackTeam "Follo 1"]

1. e4 c5 2. c3 d6 3. d4 cxd4 4. cxd4 Nf6 5. Nc3 g6 6. Be2 Bg7 7. Be3 O-O 8. Rc1
a6 9. f4 Be6 10. d5 Bd7 11. Nf3 e6 12. dxe6 Bxe6 13. Nd4 Nc6 14. Nxe6 fxe6 15.
O-O Qe7 16. Bf3 Rad8 17. Bb6 Rd7 18. Qb3 Kh8 19. g3 Qf7 20. Rcd1 Qg8 21. Bg2 e5
22. Qxg8+ Kxg8 23. Bh3 Re7 24. Rxd6 exf4 25. gxf4 Nxe4 26. Be6+ Rxe6 27. Rxe6
Nxc3 28. bxc3 Bxc3 29. Re4 Bf6 30. Rd1 Rf7 31. Bc5 Kg7 32. Kg2 Kg8 33. Re8+ Kg7
34. Bd6 Nd4 35. Be5 Nf5 36. Rd3 Nh4+ 37. Kh3 Nf5 38. Rdd8 Ne7 39. Bxf6+ Kxf6
40. Rf8 b5 41. Rd6+ Kg7 42. Rxf7+ Kxf7 43. Rxa6 1-0

[Event "Østlandsserien 2001/2002, 1. div."]
[Site "?"]
[Date "2002.02.09"]
[Round "6"]
[White "Sondresen, Per"]
[Black "Lütken, Chris"]
[Result "1-0"]
[WhiteElo "1687"]
[BlackElo "1797"]
[PlyCount "69"]
[EventDate "2002.??.??"]
[WhiteTeam "Follo 1"]
[BlackTeam "Sk 1911 1"]

1. Nf3 d5 2. g3 c5 3. c3 Nc6 4. d4 e6 5. Bg2 Nf6 6. O-O Bd7 7. Nbd2 cxd4 8.
cxd4 Rc8 9. a3 Be7 10. b4 O-O 11. Bb2 Ne8 12. Ne5 Nxe5 13. dxe5 a5 14. bxa5
Qxa5 15. Rc1 Ba4 16. Qe1 Nc7 17. Nb1 Qb6 18. Qd2 Nb5 19. Rxc8 Rxc8 20. Rc1
Rxc1+ 21. Qxc1 h6 22. Nc3 Nxc3 23. Qxc3 Bc5 24. e3 Bb5 25. Bf3 Ba6 26. Bg2 Qb5
27. Qc1 b6 28. Bf1 Qxf1+ 29. Qxf1 Bxf1 30. Kxf1 b5 31. Ke2 Kf8 32. Kd3 Ke7 33.
Kc2 f6 34. Kb3 f5 35. Bd4 1-0

[Event "Østlandsserien 2001/2002, 1. div."]
[Site "?"]
[Date "2002.02.10"]
[Round "7"]
[White "Semakoff, Aleks"]
[Black "Eriksen, Terje"]
[Result "1/2-1/2"]
[WhiteElo "2073"]
[BlackElo "2098"]
[PlyCount "67"]
[EventDate "2002.??.??"]
[WhiteTeam "Follo 1"]
[BlackTeam "Tempo 1"]

1. e4 c6 2. d4 d5 3. exd5 cxd5 4. Bd3 Nc6 5. c3 Qc7 6. Nf3 Bg4 7. O-O e6 8. h3
Bh5 9. Be3 Nf6 10. Nbd2 Bd6 11. Re1 O-O 12. Bg5 Nd7 13. Bh4 Ne7 14. Nf1 Ng6 15.
Bxg6 Bxg6 16. Bg3 b5 17. Bxd6 Qxd6 18. Ne5 Rab8 19. a3 a5 20. Nxd7 Qxd7 21. Nd2
b4 22. axb4 axb4 23. Nb3 bxc3 24. bxc3 Ra8 25. Nc5 Qb5 26. Qc1 Ra5 27. Rxa5
Qxa5 28. Qb2 Ra8 29. Qb7 Qa7 30. Qc6 Rb8 31. Na6 Ra8 32. Nc5 Rb8 33. Na6 Ra8
34. Nc5 1/2-1/2

[Event "Østlandsserien 2001/2002, 1. div."]
[Site "?"]
[Date "2002.02.10"]
[Round "7"]
[White "Breivik, Lars"]
[Black "Kirkebø, Carl Peter"]
[Result "1-0"]
[WhiteElo "2013"]
[BlackElo "1992"]
[PlyCount "175"]
[EventDate "2002.??.??"]
[WhiteTeam "Tempo 1"]
[BlackTeam "Follo 1"]

1. e4 c5 2. Nc3 Nc6 3. f4 e6 4. Nf3 d5 5. Bb5 d4 6. Bxc6+ bxc6 7. Ne2 Nf6 8. d3
Be7 9. O-O Qb6 10. b3 Ba6 11. Kh1 h6 12. a4 O-O-O 13. Ne5 Rdf8 14. Qe1 Qc7 15.
Bd2 g5 16. Ba5 Qd6 17. Nc4 Qb8 18. Qg3 g4 19. e5 Nd5 20. Qxg4 Bxc4 21. bxc4 Ne3
22. Qf3 Qb7 23. Rfc1 Rhg8 24. g3 Qa6 25. Bd2 Nf5 26. Be1 Rg6 27. Rcb1 Bd8 28.
c3 dxc3 29. Bxc3 h5 30. Rb2 Rfg8 31. Qxh5 Rh6 32. Qxf7 Rgh8 33. Kg1 R8h7 34.
Qe8 Rh8 35. Qf7 R8h7 36. Qe8 Rh8 37. Qf7 R8h7 38. Qg8 Rh8 39. Qg4 Rxh2 40. Rab1
Rg2+ 41. Kxg2 Ne3+ 42. Kf3 Nxg4 43. Rb8+ Kd7 44. R1b7+ Ke8 45. Rxd8+ Kxd8 46.
Rb8+ Ke7 47. Rxh8 Qxa4 48. Kxg4 Qd1 49. Kf3 Qxd3+ 50. Kf2 a6 51. g4 Qxc4 52.
Rh7+ Kf8 53. Ra7 Qd3 54. g5 Kg8 55. Rb7 Qc2 56. Ke3 Kf8 57. Ra7 c4 58. Rxa6
Qd3+ 59. Kf2 Qe4 60. Ra7 Kg8 61. Rd7 Kf8 62. Rd4 Qh1 63. Rxc4 Kf7 64. Rd4 Qh2+
65. Ke3 Qh3+ 66. Kd2 Qg2 67. Rd6 Qe4 68. Bd4 Ke7 69. Bc5 Kf7 70. Rd4 Qf3 71.
Rd3 Qg2 72. Be3 Ke7 73. Rd6 Qe4 74. Nd4 Qg2+ 75. Kc3 Qa2 76. Rxe6+ Kf7 77. Rxc6
Qa3+ 78. Kd2 Qa2+ 79. Rc2 Qd5 80. Kd3 Qb7 81. f5 Qa6+ 82. Ke4 Qb7+ 83. Kf4 Qb1
84. e6+ Ke7 85. f6+ Kd6 86. f7 Ke7 87. Rc7+ Kf8 88. Rc8+ 1-0

[Event "Østlandsserien 2001/2002, 1. div."]
[Site "?"]
[Date "2002.02.10"]
[Round "7"]
[White "Gaasland, Glenn"]
[Black "Thorgersen, Trond M"]
[Result "1-0"]
[WhiteElo "1966"]
[BlackElo "1954"]
[PlyCount "129"]
[EventDate "2002.??.??"]
[WhiteTeam "Follo 1"]
[BlackTeam "Tempo 1"]

1. e4 c6 2. d4 d5 3. Nc3 dxe4 4. Nxe4 Bf5 5. Ng3 Bg6 6. h4 h6 7. h5 Bh7 8. Nf3
Nf6 9. Bd3 Bxd3 10. Qxd3 e6 11. Bf4 Bd6 12. Ne5 Bxe5 13. Bxe5 Nbd7 14. Bf4 Nd5
15. Bd2 Qc7 16. O-O-O O-O-O 17. Qa3 b6 18. Rh4 Kb7 19. Kb1 Nb8 20. Ne4 Qe7 21.
Qg3 f5 22. Nc3 e5 23. Re1 e4 24. f3 Qc7 25. Qxc7+ Nxc7 26. Ne2 exf3 27. gxf3
Rhe8 28. Ng3 Rxe1+ 29. Bxe1 Nb5 30. Nxf5 Rd5 31. Rf4 Rd7 32. Rg4 c5 33. Rxg7
Rxg7 34. Nxg7 Nxd4 35. Bd2 Nxf3 36. Bxh6 Nd7 37. Bf4 Nf6 38. h6 Kc6 39. Kc1 Kd5
40. Kd1 a6 41. c3 Ke4 42. Bc7 b5 43. Ne6 Kd5 44. Nf8 Ng5 45. Bd8 Ke5 46. Ke2
Kf5 47. Kd3 Ngh7 48. Bxf6 Nxf8 49. Be7 c4+ 50. Kd4 Ne6+ 51. Kd5 Nf4+ 52. Kc6
Kg6 53. Bc5 Nd3 54. Ba3 Nc1 55. Bf8 Nd3 56. Kb6 Nxb2 57. Kxa6 Nd1 58. Bg7 b4
59. cxb4 c3 60. Bxc3 Nxc3 61. b5 Nxa2 62. b6 Nb4+ 63. Kb5 Nd5 64. b7 Nc7+ 65.
Ka5 1-0

[Event "Østlandsserien 2001/2002, 1. div."]
[Site "?"]
[Date "2002.02.10"]
[Round "7"]
[White "Taksrud, Vidar"]
[Black "Næssvold, Kjell"]
[Result "1-0"]
[WhiteElo "1888"]
[BlackElo "1882"]
[PlyCount "59"]
[EventDate "2002.??.??"]
[WhiteTeam "Tempo 1"]
[BlackTeam "Follo 1"]

1. Nf3 d5 2. d4 Nf6 3. c4 c6 4. Nc3 dxc4 5. a4 g6 6. e4 Bg7 7. Bxc4 O-O 8. O-O
b6 9. Qe2 e6 10. Bg5 h6 11. Bh4 Qe8 12. Rac1 a5 13. Bg3 Kh7 14. Bc7 Nbd7 15. e5
Nd5 16. Bd6 Nxc3 17. Rxc3 Rg8 18. Nd2 Bb7 19. f4 Qd8 20. Rh3 c5 21. Ne4 Bxe4
22. Qxe4 cxd4 23. f5 Nc5 24. fxg6+ fxg6 25. Bxc5 bxc5 26. Qxg6+ Kxg6 27. Bd3+
Kg5 28. Rg3+ Kh4 29. Rf4+ Kh5 30. Bg6# 1-0

[Event "Østlandsserien 2001/2002, 1. div."]
[Site "?"]
[Date "2002.03.09"]
[Round "8"]
[White "Tjomsland, Stig"]
[Black "Solem, Trond"]
[Result "1-0"]
[WhiteElo "2279"]
[BlackElo "2167"]
[PlyCount "59"]
[EventDate "2002.??.??"]
[WhiteTeam "Nordstrand 1"]
[BlackTeam "Follo 1"]

1. d4 d5 2. e3 Nf6 3. Bd3 e6 4. Nf3 Be7 5. O-O O-O 6. Nbd2 c5 7. b3 Nc6 8. a3
Bd7 9. Bb2 a6 10. Qe2 Qb6 11. Rac1 Rac8 12. dxc5 Qxc5 13. b4 Qd6 14. c4 Rfd8
15. Rfd1 Qb8 16. c5 e5 17. e4 Bg4 18. h3 Bh5 19. exd5 Nxd5 20. Bf5 Rc7 21. Nc4
Nd4 22. Qxe5 Nxf3+ 23. gxf3 Nf6 24. Qg3 b5 25. Nb6 Rc6 26. Be5 Qa7 27. Rxd8+
Bxd8 28. Rd1 Bxb6 29. cxb6 Qxb6 30. Bc7 1-0

[Event "Østlandsserien 2001/2002, 1. div."]
[Site "?"]
[Date "2002.03.09"]
[Round "8"]
[White "Ådnøy, Hallvard Voll"]
[Black "Christenson, Flemming"]
[Result "1/2-1/2"]
[WhiteElo "2116"]
[BlackElo "2213"]
[PlyCount "53"]
[EventDate "2002.??.??"]
[WhiteTeam "Follo 1"]
[BlackTeam "Nordstrand 1"]

1. d4 e6 2. e4 d5 3. Nc3 Nf6 4. e5 Nfd7 5. f4 c5 6. Nf3 Nc6 7. Be3 cxd4 8. Nxd4
Bc5 9. Qd2 O-O 10. O-O-O a6 11. Kb1 Nxd4 12. Bxd4 b5 13. h4 b4 14. Ne2 a5 15.
h5 Ba6 16. f5 Bxe2 17. Bxe2 exf5 18. Bf3 Qe7 19. h6 g6 20. Rhe1 Bxd4 21. e6 Nf6
22. Qxd4 fxe6 23. Bxd5 Nxd5 24. Rxe6 Qb7 25. Qxd5 Qxd5 26. Rxd5 Kf7 27. Rb6
1/2-1/2

[Event "Østlandsserien 2001/2002, 1. div."]
[Site "?"]
[Date "2002.03.09"]
[Round "8"]
[White "Glenne, Bjørn Erik"]
[Black "Kirkebø, Carl Peter"]
[Result "0-1"]
[WhiteElo "2139"]
[BlackElo "1992"]
[PlyCount "86"]
[EventDate "2002.??.??"]
[WhiteTeam "Nordstrand 1"]
[BlackTeam "Follo 1"]

1. d4 Nf6 2. c4 e6 3. g3 c5 4. d5 exd5 5. cxd5 d6 6. Nc3 g6 7. Bg2 Bg7 8. e4
O-O 9. Nge2 Nbd7 10. O-O a6 11. a4 Rb8 12. Nf4 b5 13. axb5 axb5 14. h4 b4 15.
Nce2 Ne5 16. Nd3 Nxd3 17. Qxd3 Ng4 18. Bg5 Qb6 19. Qd2 Re8 20. f3 Ne5 21. Rac1
Ba6 22. b3 c4+ 23. Kh2 cxb3 24. Be3 Qb7 25. Bd4 Nc4 26. Rxc4 Bxc4 27. Bxg7 Bxe2
28. Bb2 Rbc8 29. Qd4 Rc3 30. Rf2 Qb5 31. Bh3 Qc4 32. Qf6 Bd3 33. Bd7 Qc5 34.
Rd2 Re5 35. g4 Rc2 36. Qf4 Rxd2+ 37. Qxd2 Qc2 38. Qxc2 bxc2 39. Kg2 Re7 40. Bc6
Ra7 41. Kf2 Ra2 42. Bc1 b3 43. Ke3 b2 0-1

[Event "Østlandsserien 2001/2002, 1. div."]
[Site "?"]
[Date "2002.03.09"]
[Round "8"]
[White "Gaasland, Glenn"]
[Black "Sørgjerd, Jan"]
[Result "1-0"]
[WhiteElo "1966"]
[BlackElo "2097"]
[PlyCount "63"]
[EventDate "2002.??.??"]
[WhiteTeam "Follo 1"]
[BlackTeam "Nordtsrand 1"]

1. d4 d5 2. c4 e6 3. Nc3 Nf6 4. cxd5 exd5 5. Bg5 Be7 6. e3 c6 7. Bd3 O-O 8. Qc2
Nbd7 9. Nge2 Re8 10. O-O-O Nf8 11. f3 b5 12. Nf4 a5 13. g4 a4 14. Nce2 Bb7 15.
Ng3 g6 16. h4 b4 17. Qh2 N6d7 18. Bh6 Ba6 19. Bb1 b3 20. a3 Qa5 21. Nge2 Bd6
22. Qf2 Rac8 23. Bd3 Bb7 24. h5 c5 25. hxg6 fxg6 26. Qh4 Be7 27. g5 Qb6 28.
Bxf8 Nxf8 29. Bxg6 Bxg5 30. Bxh7+ Kh8 31. Qxg5 Nxh7 32. Rxh7+ 1-0